Superando la violencia colectiva y construyendo cultura de paz

Salvato in:
Dettagli Bibliografici
Altri autori: Páez Rovira, Darío (Redattore), Marín-Beristain, Carlos (Redattore), González-Castro, José Luis (Redattore), Basabe Barañano, Nekane (editora), Rivera, Joseph de (Redattore)
Natura: Libro
Lingua:spagnolo
Pubblicazione: Madrid Fundamentos 2011
Edizione:1a. ed
Serie:Colección Ciencia, 325
Soggetti:
Tags: Aggiungi Tag
Nessun Tag, puoi essere il primo ad aggiungerne!!

MARC

LEADER 00000cam a2200000 a 4500
001 UCG9918
003 CL-VaPUC
005 20230113150933.0
008 120412e20110000SP |||||||||||||||||spa|d
999 |c 347444  |d 347442 
020 |a 9788424512361 
040 |c Pontificia Universidad Católica de Valparaíso 
082 0 4 |a 303.6  |b PAE  |2 21 
100 |a Páez Rovira, Darío  |e editor  |9 561673 
245 1 0 |a Superando la violencia colectiva y construyendo cultura de paz 
250 |a 1a. ed 
260 |a Madrid  |b Fundamentos  |c 2011 
300 |a 677 p 
490 0 |a Colección Ciencia, 325 
583 |a last modification  |c 20120412 10:24:00  |k Rodrigo Vera 
650 0 |a Conflicto social  |9 255404 
650 0 |a Problemas sociales  |9 258537 
650 0 |a Violencia social  |9 399777 
650 0 |a Sociología   |9 255410 
650 0 |a Relaciones sociales  |9 376480 
650 7 |a PSICOSOCIOLOGIA  |2 CL-VaPUC  |9 337830 
700 0 |a Marín-Beristain, Carlos  |e editor  |9 879859 
700 0 |a González-Castro, José Luis  |e editor  |9 879860 
700 0 |a Basabe Barañano, Nekane  |e editora  |9 879861 
700 0 |a Rivera, Joseph de  |e editor  |9 879862 
942 |c BK  |2 ddc 
945 |d 20120412 00:00:00  |a dcastane 
952 |0 0  |1 0  |4 0  |6 303_600000000000000_PAE_2011  |7 0  |8 A  |9 448779  |a BIBEDU  |b BIBEDU  |d 2019-11-22  |i 4856104  |o 303.6 PAE 2011  |p 4856104  |r 2019-11-22  |w 2019-11-22  |y BK  |k PSI 
952 |0 0  |1 0  |4 0  |6 303_600000000000000_PAE_2011  |7 0  |8 A  |9 448780  |a BIBEDU  |b BIBEDU  |d 2019-11-22  |i 4856112  |o 303.6 PAE 2011  |p 4856112  |r 2019-11-22  |w 2019-11-22  |y BK  |k PSI